[Event "Konik Morski Rewala OPEN B"]
[Site "Rewal"]
[Date "2007.08.27"]
[Round "6.5"]
[White "Jacel, Lukasz"]
[Black "Pienkos, Slawomir"]
[Result "1-0"]
[WhiteElo "1945"]
[BlackElo "2064"]
[PlyCount "66"]
[EventDate "2007.??.??"]

1. e4 d6 2. d4 g6 3. Nc3 Bg7 4. Be3 Nd7 5. Qd2 c5 6. dxc5 Nxc5 7. Bxc5 dxc5 8.
Qxd8+ Kxd8 9. O-O-O+ Kc7 10. Nd5+ Kb8 11. Nf3 e6 12. Ne3 Nf6 13. Ng5 Rf8 14. e5
Bh6 15. h4 Bxg5 16. hxg5 Ne4 17. Ng4 Nxg5 18. f4 Ne4 19. Rxh7 Ng3 20. Nf6 Nxf1
21. Rxf1 a5 22. Rd1 b6 23. Rd6 Ka7 24. Nd7 Bxd7 25. Rxd7+ Ka6 26. Rdxf7 Rxf7
27. Rxf7 g5 28. f5 exf5 29. Rxf5 Rg8 30. Kd2 Kb5 31. Ke3 Kc4 32. e6 Re8 33. Re5
Re7 1-0

[Event "Konik Morski Rewala OPEN B"]
[Site "Rewal"]
[Date "2007.08.27"]
[Round "6.7"]
[White "Szarwacki, Dominik"]
[Black "Kaniak, Monika"]
[Result "1-0"]
[WhiteElo "1928"]
[BlackElo "1950"]
[PlyCount "63"]
[EventDate "2007.??.??"]

1. e4 e6 2. d4 d5 3. Nc3 Nf6 4. Bg5 Be7 5. e5 Nfd7 6. h4 a6 7. Qg4 Kf8 8. Nf3
c5 9. dxc5 Nxc5 10. Bxe7+ Qxe7 11. Nxd5 Qd8 12. Nb4 Nbd7 13. O-O-O Qc7 14. h5
b5 15. h6 Rg8 16. Qf4 Bb7 17. Ng5 Nxe5 18. Kb1 Rc8 19. hxg7+ Ke8 20. Nxh7 Ncd7
21. Nf6+ Nxf6 22. Qxf6 Nd7 23. Qd4 Ke7 24. Rh8 Nf6 25. Rxg8 Rxg8 26. Nd3 Rxg7
27. Nc5 Rg4 28. Qd2 Bd5 29. Nxa6 Qb6 30. Nb4 Bxg2 31. Bxg2 Rxg2 32. Nc6+ 1-0

[Event "Konik Morski Rewala OPEN B"]
[Site "Rewal"]
[Date "2007.08.27"]
[Round "6.9"]
[White "Zakrzewski, Marek"]
[Black "Chmielinska, Alicja"]
[Result "0-1"]
[WhiteElo "1917"]
[BlackElo "2073"]
[PlyCount "69"]
[EventDate "2007.??.??"]

1. e4 d5 2. exd5 Qxd5 3. Nc3 Qa5 4. d4 Nf6 5. Nf3 Bg4 6. Bd2 c6 7. Bc4 Qc7 8.
Qe2 e6 9. h3 Bf5 10. O-O-O Be7 11. g4 Bg6 12. Ne5 Nbd7 13. h4 b5 14. Bf4 Qb7
15. Nxb5 cxb5 16. Bxb5 Rc8 17. a3 Rc3 18. bxc3 Bxa3+ 19. Kd2 Ne4+ 20. Ke3 Nxc3
21. Bxd7+ Qxd7 22. Nxd7 Nxe2 23. Kxe2 Kxd7 24. h5 Bxc2 25. Rd2 Rc8 26. Kf3 Rc3+
27. Be3 Ba4 28. Rg1 Bc6+ 29. Kg3 Bd6+ 30. Kh4 f6 31. Re2 g5+ 32. Bxg5 fxg5+ 33.
Kxg5 Rf3 34. Kh6 Rf7 35. g5 0-1

[Event "Konik Morski Rewala OPEN B"]
[Site "Rewal"]
[Date "2007.08.27"]
[Round "6.10"]
[White "Skwarnicki, Adam"]
[Black "Goslawski, Michal"]
[Result "1-0"]
[WhiteElo "2063"]
[BlackElo "1853"]
[PlyCount "104"]
[EventDate "2007.??.??"]

1. Nf3 d5 2. d4 Nf6 3. g3 e6 4. Bg2 c5 5. c4 dxc4 6. Qa4+ Nc6 7. O-O Bd7 8.
Qxc4 b5 9. Qxb5 Nxd4 10. Nxd4 Bxb5 11. Nxb5 Nd5 12. N1c3 a6 13. Nxd5 exd5 14.
Nc3 Be7 15. Nxd5 O-O 16. Nxe7+ Qxe7 17. Bxa8 Rxa8 18. Be3 h6 19. Rfc1 Rc8 20.
Rc3 Qb7 21. b3 Qb5 22. Rc4 Kh7 23. Rac1 Re8 24. R1c2 Re5 25. Bxc5 Qd7 26. Bd4
Rd5 27. e3 Qf5 28. Kg2 Qd3 29. f3 h5 30. Rc7 h4 31. Rf2 hxg3 32. hxg3 Qg6 33.
Rf1 Rh5 34. e4 Qh6 35. Rxf7 Rh2+ 36. Kg1 Rh1+ 37. Kf2 Rxf1+ 38. Kxf1 Qc1+ 39.
Kg2 Qd2+ 40. Bf2 Qxa2 41. Rb7 Qe2 42. Rb6 Kg8 43. e5 Qxe5 44. Rxa6 Qb5 45. Rb6
Qd5 46. b4 Kf7 47. b5 Ke7 48. g4 g5 49. Rb8 Qd6 50. Rb7+ Kd8 51. b6 Kc8 52. Ra7
Qb8 1-0

[Event "Konik Morski Rewala OPEN B"]
[Site "Rewal"]
[Date "2007.08.27"]
[Round "6.11"]
[White "Sikorska, Dorota"]
[Black "Kopinski, Tomasz"]
[Result "0-1"]
[WhiteElo "1915"]
[BlackElo "2032"]
[PlyCount "56"]
[EventDate "2007.??.??"]

1. e4 e5 2. Nf3 Nc6 3. Bc4 Nf6 4. d3 h6 5. c3 d5 6. exd5 Nxd5 7. O-O Be7 8. Re1
Bg4 9. Nbd2 O-O 10. h3 Bh5 11. Nf1 a6 12. g4 Bg6 13. Nxe5 Nxe5 14. Rxe5 Nb6 15.
Bb3 Bd6 16. Re3 Qh4 17. Qf3 Kh8 18. Qxb7 f5 19. Qg2 Nd7 20. Nd2 fxg4 21. hxg4
Ne5 22. Nf3 Nxf3+ 23. Rxf3 Rxf3 24. Qxf3 Qh2+ 25. Kf1 Rf8 26. Qe3 Bxd3+ 27. Ke1
Qg1+ 28. Kd2 Bf4 0-1

[Event "Konik Morski Rewala OPEN B"]
[Site "Rewal"]
[Date "2007.08.27"]
[Round "6.12"]
[White "Mazalon, Bartlomiej"]
[Black "Piesik, Piotr"]
[Result "1-0"]
[WhiteElo "1913"]
[BlackElo "1991"]
[PlyCount "63"]
[EventDate "2007.??.??"]

1. e4 e6 2. d4 d5 3. exd5 exd5 4. c4 Nf6 5. Nc3 Nc6 6. c5 Bf5 7. Bb5 Be7 8. Nf3
O-O 9. O-O Nb8 10. Re1 c6 11. Ba4 Nbd7 12. h3 Re8 13. Bf4 Ne4 14. Qb3 Qc8 15.
Rac1 Ndf6 16. Ne5 h6 17. Re2 Bd8 18. Nxe4 Nxe4 19. Rce1 Ba5 20. Rxe4 Bxe4 21.
Rxe4 Qf5 22. Re3 Qxf4 23. Qxb7 Qf6 24. Bxc6 Rab8 25. Qxa7 Bd2 26. Bxe8 Bxe3 27.
Bxf7+ Kh7 28. Bg6+ Qxg6 29. Nxg6 Bxf2+ 30. Kxf2 Rxb2+ 31. Kf3 Kxg6 32. c6 1-0

[Event "Konik Morski Rewala OPEN B"]
[Site "Rewal"]
[Date "2007.08.27"]
[Round "6.13"]
[White "Foltyn, Lukasz"]
[Black "Polok, Kacper"]
[Result "0-1"]
[WhiteElo "1986"]
[BlackElo "1887"]
[PlyCount "77"]
[EventDate "2007.??.??"]

1. e4 e6 2. d4 d5 3. Nc3 Bb4 4. Nge2 Nf6 5. Bg5 h6 6. Bxf6 Qxf6 7. e5 Qd8 8. a3
Be7 9. Ng3 b6 10. Bd3 Bh4 11. Qg4 Qg5 12. Qxg5 Bxg5 13. O-O Ba6 14. b4 Bxd3 15.
cxd3 c6 16. f4 Bh4 17. b5 f5 18. Nge2 cxb5 19. Nxb5 Kd7 20. Rfc1 Nc6 21. Rc2
Be7 22. Rac1 Rhe8 23. Kf1 a6 24. Nbc3 Bxa3 25. Ra1 Be7 26. Na4 Rab8 27. g4 fxg4
28. Kg2 g3 29. f5 exf5 30. Rb2 b5 31. Nac3 f4 32. Kf1 Nb4 33. Rb3 h5 34. Rab1
a5 35. Ra1 a4 36. Nxa4 bxa4 37. Rxa4 h4 38. Nc3 f3 39. Ra7+ 0-1

[Event "Konik Morski Rewala OPEN B"]
[Site "Rewal"]
[Date "2007.08.27"]
[Round "6.14"]
[White "Wozniak, Dawid"]
[Black "Chojnacka, Magdalena"]
[Result "1-0"]
[WhiteElo "1958"]
[BlackElo "1846"]
[PlyCount "86"]
[EventDate "2007.??.??"]

1. d4 Nf6 2. c4 g6 3. Nc3 Bg7 4. e4 d6 5. f4 O-O 6. Nf3 c5 7. d5 e6 8. Bd3 a6
9. O-O exd5 10. cxd5 Bg4 11. Be3 Re8 12. Qd2 b5 13. a3 Bxf3 14. Rxf3 Ng4 15.
Kh1 Nxe3 16. Rxe3 Nd7 17. Be2 Bd4 18. Rg3 Bxc3 19. bxc3 Rxe4 20. Bd3 Re8 21.
Rf1 Nf6 22. f5 Ne4 23. Bxe4 Rxe4 24. fxg6 hxg6 25. Qh6 Rh4 26. Rxg6+ fxg6 27.
Qxg6+ Kh8 28. Rf7 Rxh2+ 29. Kxh2 Qh4+ 30. Kg1 Rg8 31. Qxd6 Qe1+ 32. Rf1 Qe3+
33. Kh1 a5 34. Qf6+ Rg7 35. Rf3 Qe1+ 36. Kh2 Qe8 37. Rg3 Qe7 38. Qxe7 Rxe7 39.
d6 Rd7 40. Rg5 b4 41. Rxc5 bxc3 42. Rc8+ Kg7 43. Rc7 Rf7 1-0

[Event "Konik Morski Rewala OPEN B"]
[Site "Rewal"]
[Date "2007.08.27"]
[Round "6.15"]
[White "Dubiel, Lukasz"]
[Black "Borowicz, Przemyslaw"]
[Result "1-0"]
[WhiteElo "1918"]
[BlackElo "1936"]
[PlyCount "89"]
[EventDate "2007.??.??"]

1. d4 Nf6 2. c4 e6 3. Nf3 d5 4. Bg5 Nbd7 5. Nc3 c6 6. e3 Qa5 7. Nd2 Bb4 8. Qc2
dxc4 9. Bxf6 Nxf6 10. Nxc4 Qg5 11. a3 Be7 12. Ne5 h5 13. h4 Qh6 14. Bd3 Ng4 15.
Ne4 O-O 16. Nxg4 hxg4 17. O-O-O f5 18. Nd2 Bd7 19. Kb1 Rac8 20. e4 f4 21. Nc4
Bf6 22. Be2 Qh5 23. Qb3 Rc7 24. Nd6 Kh8 25. Bc4 Be7 26. e5 b5 27. Bd3 Bxd6 28.
exd6 Rcc8 29. Be4 Rf6 30. Qc3 Qf7 31. Qc5 Be8 32. Qg5 Qd7 33. h5 Rh6 34. Qxf4
Bf7 35. Rh4 Re8 36. Bxc6 Qxc6 37. Qxf7 Rf6 38. Qxa7 Rxf2 39. Qc7 Qe4+ 40. Ka1
Ra8 41. h6 Rxa3+ 42. bxa3 Ra2+ 43. Kxa2 Qe2+ 44. Kb3 Qxd1+ 45. Qc2 1-0

[Event "Konik Morski Rewala OPEN B"]
[Site "Rewal"]
[Date "2007.08.27"]
[Round "6.17"]
[White "Wisniowska, Klaudia"]
[Black "Falkowski, Dawid"]
[Result "1-0"]
[WhiteElo "1846"]
[BlackElo "2048"]
[PlyCount "57"]
[EventDate "2007.??.??"]

1. e4 e5 2. Nf3 Nc6 3. Bb5 a6 4. Ba4 Nf6 5. O-O b5 6. Bb3 Bc5 7. Re1 O-O 8. c3
Ng4 9. Re2 Bb6 10. h3 Nf6 11. d4 d6 12. Be3 Bb7 13. Nbd2 Re8 14. d5 Bxe3 15.
dxc6 Bxf2+ 16. Kxf2 Bxc6 17. Qc2 Nh5 18. Kg1 Nf4 19. Rf2 Qf6 20. Raf1 Qg6 21.
Kh2 a5 22. a4 bxa4 23. Bxa4 Bxa4 24. Qxa4 Nd3 25. Nh4 Qh6 26. Nf5 Qg6 27. Rf3
Nxb2 28. Qc2 Reb8 29. Ne7+ 1-0

[Event "Konik Morski Rewala OPEN B"]
[Site "Rewal"]
[Date "2007.08.27"]
[Round "6.18"]
[White "Swiech, Piotr"]
[Black "Musialkiewicz, Pawel"]
[Result "1-0"]
[WhiteElo "2031"]
[BlackElo "1839"]
[PlyCount "107"]
[EventDate "2007.??.??"]

1. d4 d5 2. c4 e6 3. Nc3 c6 4. c5 Nd7 5. Nf3 e5 6. e3 g6 7. Bd2 Bg7 8. b4 e4 9.
Ng1 f5 10. g3 Ne7 11. Nh3 O-O 12. Be2 Nf6 13. b5 h6 14. Nf4 g5 15. Ng2 Bd7 16.
bxc6 Bxc6 17. h4 Ng6 18. hxg5 hxg5 19. Bh5 Nxh5 20. Rxh5 g4 21. Nh4 Nxh4 22.
Rxh4 Kf7 23. Qb3 a6 24. O-O-O Qd7 25. Rdh1 Rh8 26. Ne2 Rxh4 27. Rxh4 Rh8 28.
Rxh8 Bxh8 29. Nf4 Bf6 30. Qd1 Bg5 31. Ne2 Qe6 32. Qh1 Qh6 33. Qxh6 Bxh6 34. Ba5
Bb5 35. Nc3 Ke6 36. Kb2 Bc6 37. Bc7 Kd7 38. Be5 Bg5 39. Kb3 Bd8 40. Kb4 Ke6 41.
a3 Kd7 42. Ne2 Ke6 43. Nf4+ Kf7 44. Bb8 Bg5 45. Ne2 Kg6 46. Nc3 Kf6 47. Ne2 Kf7
48. Bd6 Bb5 49. Nf4 Bc6 50. Bb8 Bd8 51. Ne2 Ke6 52. a4 Kd7 53. Nc1 Ke7 54. Nb3
1-0

[Event "Konik Morski Rewala OPEN B"]
[Site "Rewal"]
[Date "2007.08.27"]
[Round "6.19"]
[White "Sokolowski, Krzysztof"]
[Black "Staniszewska, Adrianna"]
[Result "1-0"]
[WhiteElo "2028"]
[BlackElo "1768"]
[PlyCount "115"]
[EventDate "2007.??.??"]

1. e4 c5 2. Nf3 e6 3. d4 cxd4 4. Nxd4 a6 5. Bd3 Qc7 6. c4 Nc6 7. Nxc6 bxc6 8.
Nd2 Nf6 9. O-O Be7 10. b3 O-O 11. Bb2 Bb7 12. f4 Ne8 13. Qe2 f6 14. Rf3 Rf7 15.
Raf1 c5 16. Rh3 g6 17. f5 exf5 18. exf5 g5 19. Ne4 Nd6 20. Nf2 Qc6 21. Ng4 Kh8
22. Rh5 Ne4 23. Bxe4 Qxe4 24. Qxe4 Bxe4 25. Re1 Bxf5 26. Nh6 Bg6 27. Nxf7+ Bxf7
28. Rxg5 Be6 29. Rg3 Rb8 30. Re4 a5 31. Rh4 Bf7 32. Rh6 Rb6 33. a4 Rd6 34. Bc3
Bd8 35. Kf2 Re6 36. Rg5 d6 37. g4 Be8 38. Rf5 Kg7 39. g5 Bg6 40. Rf4 Be7 41. h4
Bf8 42. h5 Bc2 43. Rhxf6 Rxf6 44. Rxf6 Kg8 45. Bxa5 Bxb3 46. Bc7 Bxa4 47. Bxd6
Bxd6 48. Rxd6 Bb3 49. Rd5 Bxc4 50. Rxc5 Bf7 51. h6 Kf8 52. Rc7 Ke8 53. Kg3 Bg6
54. Kf4 Kf8 55. Rg7 Bc2 56. Ke5 Bg6 57. Rxg6 hxg6 58. Kf6 1-0

[Event "Konik Morski Rewala OPEN B"]
[Site "Rewal"]
[Date "2007.08.27"]
[Round "6.20"]
[White "Gluszko, Monika"]
[Black "Witek, Pawel"]
[Result "1/2-1/2"]
[WhiteElo "1806"]
[BlackElo "1996"]
[PlyCount "60"]
[EventDate "2007.??.??"]

1. e4 c6 2. d4 d5 3. exd5 cxd5 4. Bd3 Nc6 5. c3 Nf6 6. Bf4 Bg4 7. Nf3 e6 8.
Nbd2 Be7 9. O-O Bh5 10. Qb3 Qc8 11. Ne5 O-O 12. Ndf3 Bd6 13. Nxc6 Qxc6 14. Bxd6
Qxd6 15. Ne5 Bg6 16. Bxg6 hxg6 17. Qxb7 Rab8 18. Qxa7 Rxb2 19. Rab1 Qb8 20.
Qxb8 Rfxb8 21. Rxb2 Rxb2 22. a4 Ra2 23. f3 Rxa4 24. Rb1 Ra7 25. Rb8+ Kh7 26.
Rf8 Nd7 27. Rxf7 Ra1+ 28. Kf2 Ra2+ 29. Kg3 Nxe5 30. dxe5 Rc2 1/2-1/2

[Event "Konik Morski Rewala OPEN B"]
[Site "Rewal"]
[Date "2007.08.28"]
[Round "7.1"]
[White "Czernicki, Bogdan"]
[Black "Ziebinski, Bartosz"]
[Result "1/2-1/2"]
[WhiteElo "2094"]
[BlackElo "1853"]
[PlyCount "88"]
[EventDate "2007.??.??"]

1. d4 Nf6 2. Nf3 g6 3. Bf4 Bg7 4. Nbd2 d5 5. e3 O-O 6. Bd3 b6 7. Qe2 Bb7 8. c3
c5 9. O-O Nc6 10. Ne5 Nd7 11. Nxc6 Bxc6 12. Bg5 f6 13. Bh4 e5 14. Bb5 Qc7 15.
Bg3 f5 16. Bxc6 Qxc6 17. dxe5 Nxe5 18. Bxe5 Bxe5 19. Nf3 Bf6 20. Rad1 Rad8 21.
Rd2 Rd7 22. Rfd1 Rfd8 23. h3 Qe6 24. Qd3 Rd6 25. a4 Qd7 26. Qb5 Qxb5 27. axb5
Kf7 28. Ra1 R6d7 29. Ra4 Ke6 30. Rd1 Rc8 31. Rda1 Rcc7 32. g4 fxg4 33. Rxg4 Kf5
34. Rf4+ Ke6 35. Rfa4 g5 36. Kg2 h5 37. Rd1 Kf7 38. Rd2 c4 39. Nd4 Bxd4 40.
cxd4 Kf6 41. Rc2 Kf5 42. Ra3 Rd8 43. Rac3 g4 44. h4 Rdc8 1/2-1/2

[Event "Konik Morski Rewala OPEN B"]
[Site "Rewal"]
[Date "2007.08.28"]
[Round "7.2"]
[White "Jacel, Lukasz"]
[Black "Palacz, Krzysztof"]
[Result "1-0"]
[WhiteElo "1945"]
[BlackElo "2099"]
[PlyCount "73"]
[EventDate "2007.??.??"]

1. e4 c5 2. Nc3 Nc6 3. f4 g6 4. Nf3 Bg7 5. Bb5 Nd4 6. O-O Nxb5 7. Nxb5 a6 8.
Nc3 e6 9. e5 d5 10. exd6 Qxd6 11. d3 Ne7 12. Ne4 Qc7 13. Qe1 h6 14. Bd2 f5 15.
Bc3 Nd5 16. Bxg7 Qxg7 17. Nxc5 Nxf4 18. Ne5 Nd5 19. c4 Nc7 20. d4 O-O 21. Qg3
g5 22. Rad1 b6 23. Na4 b5 24. Nc5 bxc4 25. Nxc4 Rd8 26. Ne5 Nd5 27. Qb3 Rd6 28.
Nc4 Rd8 29. Rfe1 Nc7 30. Ne5 Rd6 31. Re2 a5 32. Red2 Nd5 33. Nc4 Rd8 34. Ne3
Nf6 35. Nxf5 a4 36. Qc4 Nd5 37. Nxg7 1-0

[Event "Konik Morski Rewala OPEN B"]
[Site "Rewal"]
[Date "2007.08.28"]
[Round "7.4"]
[White "Czachor, Grzegorz"]
[Black "Wojtaszewski, Piotr"]
[Result "0-1"]
[WhiteElo "2029"]
[BlackElo "1848"]
[PlyCount "110"]
[EventDate "2007.??.??"]

1. e4 c5 2. Nf3 d6 3. d4 cxd4 4. Nxd4 Nc6 5. c4 g6 6. Nc3 Bg7 7. Be3 Nf6 8. Be2
Bd7 9. O-O O-O 10. Qd2 Ng4 11. Bxg4 Bxg4 12. Rac1 Rc8 13. Nd5 Be6 14. b3 a6 15.
f4 Bxd5 16. exd5 Nxd4 17. Bxd4 Bxd4+ 18. Qxd4 Qa5 19. Qb2 b5 20. f5 bxc4 21.
bxc4 Qc5+ 22. Kh1 Rb8 23. Qe2 Rb4 24. fxg6 hxg6 25. Rf4 Qc7 26. Rcf1 Kg7 27. h4
f6 28. Re4 Kf7 29. Re1 Rb7 30. Kg1 Rh8 31. g3 Rh5 32. Kg2 Re5 33. Rxe5 dxe5 34.
h5 gxh5 35. Qxh5+ Kf8 36. Qe2 Rb4 37. Rc1 Qc5 38. Rh1 Qxc4 39. Qd2 Qe4+ 40. Kh2
Rd4 41. Qh6+ Kf7 42. Qh5+ Kg7 43. Rg1 Rxd5 44. Rg2 Qh7 45. Qxh7+ Kxh7 46. Rc2
Kg6 47. Kh3 Ra5 48. Rd2 e4 49. Rb2 e5 50. Re2 Kg5 51. Rc2 Ra3 52. Rf2 f5 53.
Kh2 Kg4 54. Rg2 e3 55. Kh1 Kf3 0-1

[Event "Konik Morski Rewala OPEN B"]
[Site "Rewal"]
[Date "2007.08.28"]
[Round "7.5"]
[White "Solnicki, Michal"]
[Black "Brudzinski, Maciej"]
[Result "0-1"]
[WhiteElo "1975"]
[BlackElo "2114"]
[PlyCount "78"]
[EventDate "2007.??.??"]

1. d4 Nf6 2. Nf3 d6 3. Bg5 Nbd7 4. Nbd2 e5 5. c3 Be7 6. e4 c6 7. Be2 b5 8. dxe5
dxe5 9. O-O Qc7 10. Qc2 Nb6 11. b3 Be6 12. a4 bxa4 13. bxa4 O-O 14. Rab1 h6 15.
Bh4 Nbd7 16. Bc4 Bg4 17. h3 Bh5 18. Bg3 Bg6 19. Rfe1 Nh5 20. Bh2 Kh8 21. Qd1
Rfd8 22. Qe2 Nf4 23. Bxf4 exf4 24. Nb3 Bf6 25. Rbc1 Ne5 26. Nxe5 Qxe5 27. Nd4
Bh5 28. Qc2 Qc5 29. Qa2 Rd7 30. e5 Bxe5 31. Nxc6 Bc7 32. Nb4 f3 33. Nd5 Rad8
34. g4 Rxd5 35. Bxd5 Rxd5 36. gxh5 Rg5+ 37. Kf1 Rg1+ 38. Kxg1 Qg5+ 39. Kf1 Qg2#
0-1

[Event "Konik Morski Rewala OPEN B"]
[Site "Rewal"]
[Date "2007.08.28"]
[Round "7.6"]
[White "Chmielinska, Alicja"]
[Black "Wozniak, Dawid"]
[Result "1-0"]
[WhiteElo "2073"]
[BlackElo "1958"]
[PlyCount "98"]
[EventDate "2007.??.??"]

1. e4 c6 2. d4 d5 3. exd5 cxd5 4. c4 e6 5. Nf3 Nc6 6. Nc3 Nf6 7. Be2 b6 8. O-O
Be7 9. Bf4 Bb7 10. a3 Rc8 11. cxd5 Nxd5 12. Nxd5 Qxd5 13. Rc1 Bf6 14. Bc4 Qe4
15. d5 Qxf4 16. dxc6 Bxc6 17. Bb5 O-O 18. Rxc6 Bxb2 19. a4 Ra8 20. Qc2 Ba3 21.
Rc4 Qf6 22. Rd1 a6 23. Bc6 Rad8 24. Bd7 Rb8 25. Nd4 Bc5 26. Nc6 Rb7 27. Rc3
Bxf2+ 28. Kh1 Bc5 29. Rf3 Qg5 30. Rg3 Qf4 31. Rf3 Qh6 32. Rh3 Qg6 33. Qe2 Qf5
34. Rf1 Qd5 35. Rd1 Qg5 36. Rh5 Qe3 37. Qc2 g6 38. Rh3 Qf2 39. Qd3 Qf5 40. Qd2
Qf6 41. Qe2 Qg7 42. Rf3 Kh8 43. Qxa6 Rc7 44. Qe2 Ra8 45. Ne5 f6 46. Rxf6 Qxf6
47. Rf1 Qe7 48. Rf7 Bd4 49. Rxe7 Rc1+ 1-0

[Event "Konik Morski Rewala OPEN B"]
[Site "Rewal"]
[Date "2007.08.28"]
[Round "7.8"]
[White "Polok, Kacper"]
[Black "Dubiel, Lukasz"]
[Result "1/2-1/2"]
[WhiteElo "1887"]
[BlackElo "1918"]
[PlyCount "30"]
[EventDate "2007.??.??"]

1. d4 d5 2. Nc3 Nf6 3. e3 Bf5 4. f4 e6 5. Nf3 Nbd7 6. g3 Ne4 7. Ne2 Be7 8. Bg2
c5 9. O-O Qb6 10. c3 h5 11. h3 Qc7 12. Kh2 g5 13. Nxg5 Nxg5 14. fxg5 h4 15. Qe1
Bd3 1/2-1/2

[Event "Konik Morski Rewala OPEN B"]
[Site "Rewal"]
[Date "2007.08.28"]
[Round "7.9"]
[White "Pienkos, Slawomir"]
[Black "Mazalon, Bartlomiej"]
[Result "1/2-1/2"]
[WhiteElo "2064"]
[BlackElo "1913"]
[PlyCount "131"]
[EventDate "2007.??.??"]

1. e4 c5 2. f4 e6 3. Nf3 d6 4. Be2 Nf6 5. d3 Be7 6. O-O O-O 7. h3 b5 8. g4 Bb7
9. Qe1 Nc6 10. c3 a5 11. Be3 b4 12. g5 Nd7 13. Nbd2 a4 14. c4 Qe8 15. Qg3 f5
16. Rae1 Qf7 17. h4 g6 18. Kg2 Qg7 19. Rb1 e5 20. Qh2 Nd4 21. Bxd4 cxd4 22.
fxe5 dxe5 23. Rf2 Bc5 24. Rff1 Rae8 25. Rbe1 Bb6 26. Bd1 Nc5 27. Bc2 Bc6 28. b3
a3 29. Qg3 Bc7 30. Ng1 Re7 31. Nh3 Ref7 32. Nf2 Ne6 33. Nh3 Nd8 34. Kg1 Nb7 35.
Bd1 h5 36. gxh6 Qxh6 37. Ng5 Rf6 38. Bf3 f4 39. Qh3 Nc5 40. Bg4 Re8 41. Rd1 Bd8
42. Ndf3 Rd6 43. Kf2 Kg7 44. Ke2 Rh8 45. Rh1 Kf6 46. Nxe5 Qxh4 47. Nef3 Qxh3
48. Bxh3 Ke7 49. e5 Bxf3+ 50. Nxf3 Rb6 51. Nxd4 Bc7 52. Nb5 Bxe5 53. d4 f3+ 54.
Ke3 Bf4+ 55. Kxf4 Rf8+ 56. Ke5 Nb7 57. Bg4 Nd8 58. Nc7 Nf7+ 59. Kd5 Ng5 60. Kc5
Rbb8 61. Nd5+ Kf7 62. Rhf1 Kg8 63. Ne7+ Kg7 64. Nc6 Ne4+ 65. Kd5 Nf6+ 66. Kc5
1/2-1/2

[Event "Konik Morski Rewala OPEN B"]
[Site "Rewal"]
[Date "2007.08.28"]
[Round "7.10"]
[White "Jonczyk, Krzysztof"]
[Black "Gola, Karolina"]
[Result "1/2-1/2"]
[WhiteElo "2073"]
[BlackElo "1878"]
[PlyCount "65"]
[EventDate "2007.??.??"]

1. e4 c5 2. Nf3 e6 3. d4 cxd4 4. Nxd4 a6 5. Bd3 Qc7 6. Nc3 Nc6 7. Nb3 Nf6 8.
O-O Be7 9. f4 d6 10. Be3 O-O 11. Qe1 Rd8 12. Na4 Nd7 13. c4 b6 14. Rd1 Nc5 15.
Naxc5 dxc5 16. e5 Nb4 17. Bb1 Bb7 18. Qg3 Rxd1 19. Rxd1 Rd8 20. Bd2 b5 21. Rc1
bxc4 22. Rxc4 Bd5 23. Rc1 Bxb3 24. Bxb4 Rd1+ 25. Rxd1 Bxd1 26. Bc3 c4 27. Kf1
Ba4 28. Be4 Qd8 29. Qe1 Qd7 30. Ke2 Bc6 31. Qb1 g6 32. g3 Qb7 33. Kf3 1/2-1/2

[Event "Konik Morski Rewala OPEN B"]
[Site "Rewal"]
[Date "2007.08.28"]
[Round "7.11"]
[White "Grychtol, Karol"]
[Black "Swiech, Piotr"]
[Result "0-1"]
[WhiteElo "1863"]
[BlackElo "2031"]
[PlyCount "110"]
[EventDate "2007.??.??"]

1. d4 Nf6 2. c4 c5 3. d5 b5 4. cxb5 a6 5. b6 d6 6. Nc3 Qxb6 7. e4 g6 8. f3 Bg7
9. Qc2 Bd7 10. Be3 Qb7 11. a4 O-O 12. g4 e6 13. Bc4 exd5 14. Nxd5 Nxd5 15. Bxd5
Bc6 16. Bxc6 Nxc6 17. Rb1 Qb4+ 18. Kf2 Rab8 19. b3 Bd4 20. Ne2 Bxe3+ 21. Kxe3
Na5 22. Kf2 Rb6 23. Rhd1 Rd8 24. Kg2 Qa3 25. Rd3 Nc6 26. b4 Nxb4 27. Rxa3 Nxc2
28. Rxb6 Nxa3 29. Rxa6 d5 30. exd5 Rxd5 31. Nc3 Rd7 32. Rc6 c4 33. a5 Rd3 34.
a6 Rd7 35. Ne4 Ra7 36. g5 Kf8 37. Rb6 Ke8 38. Nf6+ Kd8 39. Rc6 Rc7 40. Rxc7
Kxc7 41. Kf2 Kb6 42. Ke2 Kxa6 43. Nxh7 Kb5 44. Kd2 Kb4 45. Nf6 c3+ 46. Kc1 Nb5
47. Nd5+ Kb3 48. Ne3 Nd4 49. f4 Ne2+ 50. Kd1 Nxf4 51. h4 Nd3 52. Ke2 c2 53.
Nxc2 Kxc2 54. Kf3 Kc3 55. Kg3 Kd4 0-1

[Event "Konik Morski Rewala OPEN B"]
[Site "Rewal"]
[Date "2007.08.28"]
[Round "7.12"]
[White "Dunne, Paul"]
[Black "Sokolowski, Krzysztof"]
[Result "1/2-1/2"]
[WhiteElo "1847"]
[BlackElo "2028"]
[PlyCount "67"]
[EventDate "2007.??.??"]

1. e4 c5 2. Nf3 d6 3. b4 cxb4 4. d4 Nf6 5. Bd3 g6 6. a3 bxa3 7. Nxa3 Bg7 8. O-O
O-O 9. Bg5 Nc6 10. Qd2 Bg4 11. c3 e5 12. d5 Na5 13. Qb2 Bxf3 14. gxf3 h6 15.
Bxf6 Bxf6 16. Kg2 Bg5 17. Rh1 b6 18. Ba6 Qd7 19. h4 Bf4 20. h5 g5 21. Bd3 Nb7
22. Qb5 Qc7 23. Qc6 Rfc8 24. Ba6 Na5 25. Nb5 Qxc6 26. dxc6 Rxc6 27. Rxa5 bxa5
28. Bb7 Rac8 29. Nxa7 R8c7 30. Nxc6 Rxb7 31. Nxa5 Rc7 32. Rd1 Rc5 33. Nb7 Rxc3
34. Rxd6 1/2-1/2

[Event "Konik Morski Rewala OPEN B"]
[Site "Rewal"]
[Date "2007.08.28"]
[Round "7.14"]
[White "Stypka, Zbigniew"]
[Black "Wisniowska, Klaudia"]
[Result "0-1"]
[WhiteElo "1989"]
[BlackElo "1846"]
[PlyCount "63"]
[EventDate "2007.??.??"]

1. e4 c5 2. Nf3 d6 3. d4 cxd4 4. Qxd4 Nc6 5. Bb5 Bd7 6. Bxc6 Bxc6 7. Nc3 Nf6 8.
Bg5 h6 9. Bxf6 gxf6 10. Nd5 Rc8 11. O-O-O Bxd5 12. exd5 Qc7 13. Rd2 Qc5 14. Qe4
Qc4 15. Qf5 Rg8 16. Rd4 Qc7 17. g3 Qd7 18. Qd3 Rg4 19. Kb1 Rxd4 20. Nxd4 Qa4
21. Rd1 Qc4 22. Nf5 Qxd3 23. Rxd3 Kd7 24. b3 e6 25. Ne3 b5 26. Kb2 Bg7 27. c3
f5 28. Kc2 a5 29. a3 h5 30. f4 Bf6 31. h3 Rg8 32. Nf1 0-1

[Event "Konik Morski Rewala OPEN B"]
[Site "Rewal"]
[Date "2007.08.28"]
[Round "7.15"]
[White "Kaniak, Monika"]
[Black "Malec, Sebastian"]
[Result "1-0"]
[WhiteElo "1950"]
[BlackElo "1740"]
[PlyCount "76"]
[EventDate "2007.??.??"]

1. d4 g6 2. c4 Bg7 3. Nc3 d6 4. e4 e5 5. d5 f5 6. Bd3 Nf6 7. f3 fxe4 8. Nxe4
Nxe4 9. Bxe4 Bf5 10. h4 Bf6 11. g3 Na6 12. Be3 Qd7 13. a3 Nc5 14. Bxc5 dxc5 15.
Qd3 h5 16. O-O-O O-O-O 17. Ne2 Bxe4 18. Qxe4 g5 19. hxg5 Bxg5+ 20. Kb1 Rde8 21.
Nc3 a6 22. Rh2 Rh6 23. Rdh1 Qf7 24. Rxh5 Rxh5 25. Qg4+ Kb8 26. Rxh5 Be3 27. Ne4
Rf8 28. Rxe5 Qxf3 29. Re8+ Ka7 30. Qxf3 Rxf3 31. Kc2 Bd4 32. g4 Rf4 33. g5 Rg4
34. b4 cxb4 35. axb4 Be3 36. Kd3 Bf4 37. Re6 Rg1 38. g6 Bh6 1-0

[Event "Konik Morski Rewala OPEN B"]
[Site "Rewal"]
[Date "2007.08.28"]
[Round "7.16"]
[White "Kaniak, Justyna"]
[Black "Piekalkiewicz, Leon"]
[Result "1-0"]
[WhiteElo "1942"]
[BlackElo "1940"]
[PlyCount "25"]
[EventDate "2007.??.??"]

1. e4 c5 2. Nf3 Nc6 3. d4 cxd4 4. Nxd4 Nf6 5. Nc3 a6 6. Bg5 Ng8 7. Bc4 Qb6 8.
Be3 Qxb2 9. Nd5 Kd8 10. Rb1 Qa3 11. Nxc6+ dxc6 12. Bb6+ Kd7 13. Nf6# 1-0

[Event "Konik Morski Rewala OPEN B"]
[Site "Rewal"]
[Date "2007.08.28"]
[Round "7.19"]
[White "Witek, Pawel"]
[Black "Tomaszewska, Luiza"]
[Result "1-0"]
[WhiteElo "1996"]
[BlackElo "1819"]
[PlyCount "62"]
[EventDate "2007.??.??"]

1. d4 Nf6 2. Nf3 g6 3. c4 d6 4. Nc3 Bg7 5. Bg5 O-O 6. e3 c6 7. Be2 Nbd7 8. Qc2
Qc7 9. O-O a6 10. Nd2 e5 11. Rfd1 exd4 12. exd4 Nb6 13. Nce4 Nxe4 14. Nxe4 Bf5
15. Bd3 Bxe4 16. Bxe4 Rfe8 17. Bf4 Qe7 18. Bf3 Bxd4 19. g3 Be5 20. Be3 Nd7 21.
Rab1 Bg7 22. Bg2 Ne5 23. h3 Qc7 24. b4 Rad8 25. Qb3 Qe7 26. Re1 Qc7 27. Rbd1
Re6 28. b5 axb5 29. cxb5 Rde8 30. Rc1 c5 31. Bd4 R8e7 1-0

[Event "Konik Morski Rewala OPEN B"]
[Site "Rewal"]
[Date "2007.08.28"]
[Round "7.20"]
[White "Piesik, Piotr"]
[Black "Gluszko, Monika"]
[Result "1-0"]
[WhiteElo "1991"]
[BlackElo "1806"]
[PlyCount "77"]
[EventDate "2007.??.??"]

1. Nf3 Nf6 2. g3 d5 3. Bg2 Bg4 4. O-O c6 5. d3 Nbd7 6. Nbd2 e5 7. e4 dxe4 8.
dxe4 Bc5 9. Qe2 O-O 10. Nc4 b5 11. Ne3 Bh5 12. Nf5 Re8 13. h3 Bxf3 14. Bxf3 Qc7
15. Rd1 Nb6 16. b3 Nc8 17. Bg5 Re6 18. Rd3 h6 19. Bd2 Ne7 20. Nxe7+ Qxe7 21.
Bc3 Ne8 22. Rad1 Qg5 23. Bg4 Re7 24. h4 Qg6 25. h5 Qg5 26. Bd2 Qf6 27. Rf3 Qe6
28. Be3 Bd4 29. c3 Nf6 30. Bf5 Nxh5 31. cxd4 exd4 32. Bxd4 Qc4 33. Rfd3 g6 34.
Bc3 Qc5 35. Rd8+ Re8 36. Rxa8 Rxa8 37. Bd4 Qe7 38. Bg4 c5 39. Bb2 1-0